| 000 | 01444nam a2200301 a 4500 | ||
|---|---|---|---|
| 001 | 000005432 | ||
| 005 | 20200929151657.0 | ||
| 008 | 090819s1992 es 001 0 spa d | ||
| 020 | _a8400071573 | ||
| 040 |
_aDO-SdBNP _bspa _cBNPHU |
||
| 082 |
_a985.03 _bR382h |
||
| 245 | 0 | 0 |
_aRelaciones histórico-geográficas de la audiencia de Quito : _bsiglos XVI-XIX / _cedición, estudio introductorio y transcripcion por Pilar Ponce Leiva; preámbulo de Francisco de Solano. |
| 260 |
_aMadrid : _bConsejo Superior de Investigaciones Científicas, _c1992. |
||
| 300 |
_a2 v. ; _c24 cm. |
||
| 490 | 1 | _aV Centenario del Descubrimiento de América | |
| 490 | 1 |
_aTierra Nueva e Cielo Nuevo _v30 |
|
| 504 | _aIncluye referencias bibliográficas y notas al pie de páginas. | ||
| 505 | 0 |
_gv.1: s.XVI -- _gv.2: s.XVII-XIX. |
|
| 651 | 4 |
_aQuito (Ecuador{Rpara} _xHistoria _yHASTA 1809 _xFuentes _915427 |
|
| 651 | 4 |
_aCabildo De Quito (Ecuador{Rpara} _xHistoria _xFuentes _915428 |
|
| 651 | 4 |
_aEcuador _xGeografía Histórica _xFuentes _915429 |
|
| 700 | 1 |
_aPonce Leyva, Pilar, _eed. _915430 |
|
| 700 | 1 |
_aSolano, Francisco de, _eintrod. _915306 |
|
| 710 | 2 |
_aConsejo Superior de Investigaciones Científicas (España). _bCentro de Estudios Históricos. _bDepartamento de Historia de América _915431 |
|
| 830 | 1 |
_aTierra Nueva e Cielo Nuevo _v30 _915432 |
|
| 830 | 1 |
_aV Centenario del Descubrimiento de América _915433 |
|
| 910 | _aValidado. Control de calidad EMS. | ||
| 999 |
_c5232 _d5232 |
||